000 01078nam a22002777a 4500
005 20091016140540.0
008 091016t xxu||||| |||| 00| 0 eng d
010 _aENG-95140
020 _a9780070146457
_c450.00
020 _a0070146454
_c450.00
035 _aEN-78673
037 _bDBAD/PUB
040 _aDPL
082 _a485
100 _aSharma, Arun
245 _aHow to prepare for verbal ability and reading comprehension:
_cby Arun Sharma [and] Meenakshi Upadhyay
_hENG
_bfor the CAT (Common Admission Test) /
246 _aVerbal ability and reading comprehension for the CAT (Common Admission Test)
250 _a2nd ed.
260 _aNew Delhi
_bTata McGraw Hill
_c2009
270 _a7, West Petel Nagar
_bNew Delhi
_e110008
300 _aVarious pagings.
_c29cm.(Pbk)
490 _aTata McGraw-Hill's winning we edge series
700 _aUpadhyay, Meenakshi
942 _2ddc
_cEN
_mSHA
_h485
999 _c30956
_d30956